[Event "X Abierto Constitucion "]
[Site "San Sebastian de los Reyes "]
[Date "2008.12.07"]
[Round "8.15"]
[White "Muñoz Sanchez, Daniel"]
[Black "Rial Rodriguez, Javier"]
[Result "1/2-1/2"]
[WhiteElo "2013"]
[BlackElo "1716"]
[PlyCount "54"]
[EventDate "2008.11.30"]

1. Nf3 g6 2. g3 Bg7 3. Bg2 c6 4. d4 Nf6 5. c4 d5 6. c5 O-O 7. O-O Nbd7 8. Nc3
Re8 9. Bf4 Nh5 10. e3 f6 11. e4 Nxf4 12. gxf4 dxe4 13. Nxe4 Nf8 14. Ng3 Kh8 15.
f5 Bxf5 16. Nxf5 gxf5 17. Qd3 Ne6 18. Qxf5 Qd5 19. Qxd5 cxd5 20. Rfe1 Nf4 21.
Bh1 Bh6 22. Nh4 Rg8+ 23. Kf1 e6 24. Ng2 Rge8 25. Nxf4 Bxf4 26. h3 Kg7 27. Bf3
Rad8 1/2-1/2

[Event "X Abierto Constitucion "]
[Site "San Sebastian de los Reyes "]
[Date "2008.12.07"]
[Round "8.16"]
[White "Rodrigo Yanguas, Maria"]
[Black "Pareja Alvarez, Diego"]
[Result "1/2-1/2"]
[WhiteElo "2037"]
[BlackElo "1866"]
[PlyCount "140"]
[EventDate "2008.11.30"]

1. e4 Nf6 2. e5 Nd5 3. d4 d6 4. c4 Nb6 5. exd6 exd6 6. Be3 Be7 7. Nc3 O-O 8.
Rc1 Re8 9. Be2 Nc6 10. Nf3 Bf6 11. O-O Bf5 12. b3 h6 13. h3 Ne7 14. Bd3 Bxd3
15. Qxd3 d5 16. Bf4 Ng6 17. Bh2 c6 18. a4 dxc4 19. bxc4 Ne5 20. Bxe5 Bxe5 21.
c5 Nc8 22. Qb1 Bf4 23. Rce1 Rxe1 24. Rxe1 Qd7 25. Qe4 g5 26. d5 f5 27. dxc6
bxc6 28. Qc4+ Kg7 29. Qe2 Kf7 30. h4 g4 31. Qc4+ Kg7 32. Qxf4 gxf3 33. Qxf3 Ne7
34. Qg3+ Kf7 35. Rd1 Qe6 36. Rd6 Qe1+ 37. Kh2 Rg8 38. Qe3 Qxe3 39. fxe3 Rg6 40.
Rd4 Re6 41. e4 Re5 42. exf5 Nxf5 43. Rc4 Ke6 44. Nd1 Kd5 45. Rc2 Kd4 46. g4
Nxh4 47. Kg3 Ng6 48. Nf2 Re3+ 49. Kg2 Nf4+ 50. Kf1 Rc3 51. Rd2+ Kc4 52. Ne4
Rf3+ 53. Kg1 Rd3 54. Rc2+ Kd4 55. Nd6 Rc3 56. Nf5+ Kc4 57. Rxc3+ Kxc3 58. Nxh6
Kc4 59. Kf2 Kxc5 60. Ke3 Nh3 61. Nf5 Kb4 62. Nd4 c5 63. Nc6+ Kxa4 64. Nxa7 Kb3
65. Nb5 c4 66. Nd4+ Kc3 67. Ne2+ Kb3 68. Nd4+ Kc3 69. Ne2+ Kb3 70. Nd4+ Kc3
1/2-1/2

[Event "X Abierto Constitucion "]
[Site "San Sebastian de los Reyes "]
[Date "2008.12.07"]
[Round "8.17"]
[White "De Dios Alija, Rafael"]
[Black "Cavalle Pulla, Daniel"]
[Result "1-0"]
[WhiteElo "2030"]
[BlackElo "1765"]
[PlyCount "107"]
[EventDate "2008.11.30"]

1. e4 c5 2. Nf3 d6 3. d4 Nf6 4. Nc3 cxd4 5. Nxd4 g6 6. Be3 Bg7 7. Qd2 Ng4 8.
Bg5 Nc6 9. Nb3 O-O 10. f3 Nf6 11. O-O-O Bd7 12. h4 h5 13. Kb1 Rc8 14. Be2 Ne5
15. Bh6 Nc4 16. Bxc4 Rxc4 17. Bxg7 Kxg7 18. g4 hxg4 19. h5 Rh8 20. h6+ Kh7 21.
Qe2 Be6 22. f4 Nh5 23. Rxh5 gxh5 24. f5 Rxc3 25. bxc3 Bxb3 26. axb3 f6 27. e5
fxe5 28. f6 exf6 29. Qe4+ Kxh6 30. Qf5 Rf8 31. Rh1 Qe8 32. Qxg4 Qg6 33. Qd1 Rd8
34. Rg1 Qf5 35. Qd2+ Kh7 36. Qg2 Qg4 37. Qxb7+ Rd7 38. Qh1 Qf5 39. Qg2 Qg4 40.
Qf1 Qe6 41. Qf3 Qf7 42. Qf5+ Kh8 43. c4 Rd8 44. Rd1 Kg7 45. c5 Qg6 46. Qf2 Kf7
47. cxd6 Rd7 48. Qc5 Qg4 49. Qd5+ Qe6 50. Qc6 h4 51. Qe4 Rxd6 52. Qh7+ Ke8 53.
Rg1 Qe7 54. Rg8+ 1-0

[Event "X Abierto Constitucion "]
[Site "San Sebastian de los Reyes "]
[Date "2008.12.07"]
[Round "8.18"]
[White "Alvarez Gonzalez, Eduardo"]
[Black "Serrano Nuñez, Dario"]
[Result "1/2-1/2"]
[WhiteElo "1845"]
[BlackElo "2012"]
[PlyCount "97"]
[EventDate "2008.11.30"]

1. d4 e6 2. Nf3 f5 3. c4 Nf6 4. Nc3 Be7 5. g3 O-O 6. Bg2 d6 7. O-O c6 8. Qc2 d5
9. cxd5 exd5 10. Ne5 Ne4 11. f3 Nxc3 12. bxc3 Nd7 13. f4 Nf6 14. c4 dxc4 15.
Qxc4+ Nd5 16. e4 fxe4 17. Bxe4 Bf5 18. Re1 Bxe4 19. Rxe4 Kh8 20. Bb2 Nf6 21.
Re2 Qd5 22. Rae1 Qxc4 23. Nxc4 Bb4 24. Rb1 Nd5 25. Ba1 Bc3 26. Rc2 Bxa1 27.
Rxa1 Rae8 28. Ne5 Rd8 29. Rb1 Nb6 30. Nc4 Nxc4 31. Rxc4 Rf7 32. a4 Kg8 33. Kf2
Re7 34. Rcb4 b6 35. Rc4 Rd6 36. Rbc1 Ree6 37. R1c3 Kf7 38. Re3 Ke7 39. Re5 Kd7
40. Ke3 a6 41. Ke4 b5 42. axb5 cxb5 43. Rb4 Rh6 44. Rb2 Rb6 45. h4 Rhg6 46. Rb3
Rgc6 47. Rf5 Ke7 48. Re5+ Kd7 49. Rf5 1/2-1/2

[Event "X Abierto Constitucion "]
[Site "San Sebastian de los Reyes "]
[Date "2008.12.07"]
[Round "8.20"]
[White "Nieto Esteban, Manuel"]
[Black "Ruiz Quevedo, Andres"]
[Result "1-0"]
[WhiteElo "1811"]
[BlackElo "1903"]
[PlyCount "39"]
[EventDate "2008.11.30"]

1. e4 d6 2. d4 Nf6 3. Nc3 e5 4. dxe5 dxe5 5. Qxd8+ Kxd8 6. Bg5 c6 7. O-O-O+ Kc7
8. Bc4 Be6 9. Bxe6 fxe6 10. Nf3 Nbd7 11. a3 Nh5 12. Rd2 h6 13. Rhd1 Nb6 14.
Bd8+ Kb8 15. Nxe5 Nf6 16. Ng6 Rg8 17. Bxb6 axb6 18. Rd8+ Ka7 19. Rxa8+ Kxa8 20.
Rd8+ 1-0

[Event "X Abierto Constitucion "]
[Site "San Sebastian de los Reyes "]
[Date "2008.12.07"]
[Round "8.21"]
[White "Gueler Berdasco, Martin"]
[Black "Sierra Bermejo, Gregorio"]
[Result "1-0"]
[WhiteElo "1891"]
[BlackElo "1792"]
[PlyCount "63"]
[EventDate "2008.11.30"]

1. d4 Nf6 2. Bg5 Ne4 3. Bf4 c5 4. Nd2 Qa5 5. c3 Nxd2 6. Qxd2 cxd4 7. cxd4 Nc6
8. Qxa5 Nxa5 9. e4 e6 10. Nf3 a6 11. Be2 b5 12. Nd2 Bb7 13. O-O Be7 14. Rac1
Rc8 15. Rxc8+ Bxc8 16. d5 O-O 17. a3 Nb7 18. Rc1 exd5 19. exd5 g5 20. Be3 f5
21. Nf3 g4 22. Nd4 Nd6 23. Bf4 Bb7 24. Rc7 Bc8 25. f3 h5 26. Bd3 gxf3 27. gxf3
Re8 28. Bxf5 Nxf5 29. Nxf5 Bf8 30. Bd6 Kf7 31. Bxf8 Rxf8 32. Nd6+ 1-0

[Event "X Abierto Constitucion "]
[Site "San Sebastian de los Reyes "]
[Date "2008.12.07"]
[Round "8.22"]
[White "Fernandez Aransay, Fernando"]
[Black "Farmer Negrini, Leo"]
[Result "1-0"]
[WhiteElo "1958"]
[BlackElo "1794"]
[PlyCount "71"]
[EventDate "2008.11.30"]

1. e4 d6 2. d4 Nf6 3. Bd3 g6 4. f4 Bg7 5. Nf3 c5 6. c3 cxd4 7. cxd4 O-O 8. O-O
Bg4 9. Nc3 Nc6 10. Bc2 Qc7 11. e5 dxe5 12. fxe5 Bxf3 13. Rxf3 Ng4 14. Bb3 Rad8
15. Nd5 Rxd5 16. Bxd5 Nb4 17. Rxf7 Nxd5 18. Rxf8+ Kxf8 19. Qxg4 Qb6 20. Qf3+
Nf6 21. Qc3 Ne8 22. Be3 Qb5 23. Rf1+ Kg8 24. Qc8 h5 25. Qe6+ Kh7 26. Qxe7 Qd3
27. Bf2 Qb5 28. d5 Kh6 29. Be3+ Kh7 30. d6 Qd3 31. Bf2 Kh6 32. Qxe8 Qd5 33. d7
Bxe5 34. d8=Q Qc4 35. Be3+ Kh7 36. Qg8+ 1-0

[Event "X Abierto Constitucion "]
[Site "San Sebastian de los Reyes "]
[Date "2008.12.07"]
[Round "8.23"]
[White "Cerrato Torrijos, Maria"]
[Black "Perez Alvarez, Javier"]
[Result "1-0"]
[WhiteElo "1880"]
[BlackElo "1737"]
[PlyCount "115"]
[EventDate "2008.11.30"]

1. e4 e6 2. d4 d5 3. Nc3 Bb4 4. e5 c5 5. a3 Bxc3+ 6. bxc3 Ne7 7. h4 Qc7 8. h5
h6 9. Nf3 Nbc6 10. Bd3 c4 11. Be2 Bd7 12. a4 f6 13. Bf4 g5 14. exf6 Qxf4 15.
fxe7 Kxe7 16. Qc1 Qxc1+ 17. Rxc1 g4 18. Nh4 Rhg8 19. Ng6+ Kf6 20. Bxg4 Be8 21.
f4 Bxg6 22. hxg6 Rxg6 23. Bh3 Rag8 24. Kd2 Ne7 25. Rce1 Nf5 26. Bxf5 Rxg2+ 27.
Kc1 Kxf5 28. Rxh6 Kxf4 29. Rf6+ Kg5 30. Rfxe6 Rf8 31. R1e5+ Kh4 32. Rh6+ Kg4
33. Rg6+ Kf3 34. Rxg2 Kxg2 35. Rxd5 b6 36. Rd7 Ra8 37. Rc7 Kf3 38. Rxc4 Ke4 39.
Rc7 Kd5 40. Kd2 Kd6 41. Rh7 a5 42. Kd3 Rg8 43. Rh6+ Kc7 44. Re6 Rg3+ 45. Re3
Rg1 46. Kc4 Ra1 47. Kb3 Rb1+ 48. Ka2 Rh1 49. c4 Rd1 50. Rd3 Rh1 51. c5 bxc5 52.
Rc3 Rh5 53. Rxc5+ Rxc5 54. dxc5 Kc6 55. Kb3 Kxc5 56. Kc3 Kd5 57. Kd3 Kc5 58. c3
1-0

[Event "X Abierto Constitucion "]
[Site "San Sebastian de los Reyes "]
[Date "2008.12.07"]
[Round "8.29"]
[White "Fernandez Gil, Ruben Carlos"]
[Black "Garcia Lopez, Fernando"]
[Result "0-1"]
[WhiteElo "1574"]
[BlackElo "1675"]
[PlyCount "56"]
[EventDate "2008.11.30"]

1. e4 e5 2. Nf3 Nc6 3. Bc4 Nf6 4. d3 Bc5 5. Nc3 d6 6. Bg5 h6 7. Bh4 g5 8. Bg3
Qe7 9. O-O Bd7 10. a3 a6 11. b4 Ba7 12. Nd5 Qd8 13. c3 Be6 14. Qb3 Nh5 15. Kh1
Nxg3+ 16. fxg3 b5 17. Nxc7+ Qxc7 18. Bxe6 fxe6 19. Qxe6+ Qe7 20. Qg6+ Kd7 21.
Nd2 Raf8 22. Nb3 Rxf1+ 23. Rxf1 Rf8 24. Rxf8 Qxf8 25. Qh7+ Ne7 26. h3 Qf1+ 27.
Kh2 Bg1+ 28. Kh1 Bf2+ 0-1

[Event "X Abierto Constitucion "]
[Site "San Sebastian de los Reyes "]
[Date "2008.12.07"]
[Round "8.31"]
[White "Martinez Miura, Enrique"]
[Black "Rial Rodriguez, Eduardo"]
[Result "1/2-1/2"]
[WhiteElo "1779"]
[BlackElo "1415"]
[PlyCount "63"]
[EventDate "2008.11.30"]

1. e4 e6 2. d4 d5 3. Nc3 Bb4 4. e5 c5 5. a3 Bxc3+ 6. bxc3 Ne7 7. Nf3 Qc7 8. Bd2
Bd7 9. Bd3 c4 10. Be2 Nbc6 11. O-O O-O-O 12. a4 b6 13. Qb1 Kb8 14. a5 Bc8 15.
axb6 axb6 16. Qa2 Bb7 17. Rfb1 Nc8 18. Bc1 h6 19. Ba3 Rhe8 20. Rb2 f6 21. Bc5
f5 22. Nd2 Qf7 23. Bxb6 Nxb6 24. Rxb6 Kc8 25. Rab1 Rd7 26. Qb2 Rc7 27. Bh5 Qxh5
28. Rxb7 Qf7 29. Rb6 Kd7 30. Qa3 Qf8 31. Qa4 Rec8 32. Qb5 1/2-1/2

[Event "X Abierto Constitucion "]
[Site "San Sebastian de los Reyes "]
[Date "2008.12.07"]
[Round "8.33"]
[White "Jimenez Vera, Ruben"]
[Black "Rodenas Riesco, Alfonso"]
[Result "1-0"]
[WhiteElo "1551"]
[BlackElo "1627"]
[PlyCount "79"]
[EventDate "2008.11.30"]

1. d4 Nf6 2. c4 e6 3. Nf3 d5 4. Nc3 c6 5. g3 Bb4 6. cxd5 Nxd5 7. Qc2 Qa5 8. Bd2
Nd7 9. e4 Nxc3 10. bxc3 Be7 11. Bg2 O-O 12. O-O Qc7 13. e5 b5 14. Bg5 Nb6 15.
Bxe7 Qxe7 16. Nh4 Bb7 17. Be4 h6 18. f4 Nd5 19. Bxd5 cxd5 20. Rf2 Rac8 21. f5
exf5 22. Nxf5 Qe6 23. Raf1 Ba6 24. Rf4 b4 25. R1f3 Rxc3 26. Rxc3 bxc3 27. Qxc3
Rc8 28. Qa3 Rb8 29. Nd6 Rb1+ 30. Kf2 Qh3 31. Qxa6 Qxh2+ 32. Kf3 Qh1+ 33. Kg4
h5+ 34. Kg5 Rg1 35. Qc8+ Kh7 36. Qf5+ Kh8 37. Nxf7+ Kg8 38. Nh6+ gxh6+ 39. Kxh6
Rxg3 40. Qf8# 1-0

[Event "X Abierto Constitucion "]
[Site "San Sebastian de los Reyes "]
[Date "2008.12.08"]
[Round "9.1"]
[White "Roa Alonso, Santiago"]
[Black "Lopez Del Alamo, Antonio"]
[Result "0-1"]
[WhiteElo "2457"]
[BlackElo "2311"]
[PlyCount "138"]
[EventDate "2008.11.30"]

1. e4 c5 2. Nf3 Nc6 3. d4 cxd4 4. Nxd4 Nf6 5. Nc3 e5 6. Ndb5 d6 7. Nd5 Nxd5 8.
exd5 Nb8 9. c4 Be7 10. Be2 O-O 11. O-O a6 12. Nc3 Nd7 13. Kh1 f5 14. f4 Bf6 15.
Qc2 g6 16. Rb1 Re8 17. b4 b6 18. Rb3 Bg7 19. Be3 exf4 20. Bxf4 Ne5 21. c5 bxc5
22. bxc5 dxc5 23. Na4 c4 24. Rbb1 Kh8 25. Rfd1 Bd7 26. Nb6 Rb8 27. Bxe5 Bxe5
28. Nxd7 Rxb1 29. Rxb1 Qxd7 30. Qxc4 a5 31. Qc6 Qe7 32. Rb7 Qf8 33. g3 Rd8 34.
Qe6 Bg7 35. Qe7 Qxe7 36. Rxe7 Bf6 37. Rf7 Be5 38. Bc4 a4 39. Ra7 h5 40. Rxa4 h4
41. gxh4 Kg7 42. Ra7+ Kf6 43. a4 Rc8 44. Ra6+ Kg7 45. Rc6 Rh8 46. Ra6 Bxh2 47.
Kxh2 Rxh4+ 48. Kg3 Rxc4 49. a5 Rd4 50. Rd6 g5 51. a6 Rd3+ 52. Kf2 Ra3 53. Rb6
Kf7 54. d6 Ke6 55. d7+ Kxd7 56. Rg6 g4 57. a7 Ke7 58. Rg7+ Kd6 59. Rb7 Ke5 60.
Rb5+ Kf4 61. Rb4+ Kg5 62. Rb7 Ra4 63. Rc7 Ra3 64. Rb7 f4 65. Rg7+ Kh5 66. Rh7+
Kg6 67. Rb7 Ra2+ 68. Kg1 Kg5 69. Rh7 f3 0-1

[Event "X Abierto Constitucion "]
[Site "San Sebastian de los Reyes "]
[Date "2008.12.08"]
[Round "9.2"]
[White "Taboas Rodriguez, Daniel"]
[Black "Candela Perez, Jose"]
[Result "1-0"]
[WhiteElo "2349"]
[BlackElo "2402"]
[PlyCount "43"]
[EventDate "2008.11.30"]

1. d4 Nf6 2. Nf3 e6 3. c4 c5 4. d5 d6 5. Nc3 exd5 6. cxd5 g6 7. e4 a6 8. Qe2
Be7 9. Bh6 Ng4 10. Bf4 Bf6 11. h3 Ne5 12. Nxe5 Bxe5 13. Bxe5 dxe5 14. Qe3 Qd6
15. a4 b6 16. Be2 Nd7 17. Qh6 Bb7 18. O-O Ke7 19. f4 Raf8 20. Bg4 Nf6 21. Qg5
h6 22. fxe5 1-0

[Event "X Abierto Constitucion "]
[Site "San Sebastian de los Reyes "]
[Date "2008.12.08"]
[Round "9.3"]
[White "Castejon Caballero, Andres"]
[Black "Barria Zuñiga, Daniel"]
[Result "1/2-1/2"]
[WhiteElo "2003"]
[BlackElo "2423"]
[PlyCount "30"]
[EventDate "2008.11.30"]

1. e4 e6 2. d3 d5 3. Nd2 c5 4. Ngf3 Nc6 5. g3 g6 6. Bg2 Bg7 7. O-O Nge7 8. Re1
O-O 9. c3 b6 10. h4 h6 11. Nf1 e5 12. exd5 Nxd5 13. Ne3 Nc7 14. Nc4 {(=)} Re8
15. Nh2 Nd5 1/2-1/2

[Event "X Abierto Constitucion "]
[Site "San Sebastian de los Reyes "]
[Date "2008.12.08"]
[Round "9.4"]
[White "Madurga Lopez, Ignacio"]
[Black "Almagro Llamas, Pablo"]
[Result "0-1"]
[WhiteElo "1819"]
[BlackElo "2476"]
[PlyCount "66"]
[EventDate "2008.11.30"]

1. e4 c6 2. Nc3 d5 3. Qf3 e6 4. d4 Nd7 5. Nge2 a6 6. Be3 b5 7. Ng3 Bb7 8. Bd3
Nb6 9. O-O Qh4 10. b3 h5 11. exd5 cxd5 12. Nxb5 axb5 13. Bxb5+ Nd7 14. Rfe1
Ngf6 15. h3 Be7 16. Bf4 Ne4 17. Rxe4 dxe4 18. Nxe4 Bxe4 19. Qxe4 Rd8 20. Re1
O-O 21. Qe3 Qf6 22. c3 Nb6 23. Be5 Qg5 24. f4 Qh6 25. c4 Bf6 26. a4 Nd7 27. Bd6
Qg6 28. Bxf8 Nxf8 29. Rd1 Qc2 30. Rc1 Qb2 31. Kh2 Bxd4 32. Qe1 Ng6 33. Rb1 Qc2
{Tiempo.} 0-1

[Event "X Abierto Constitucion "]
[Site "San Sebastian de los Reyes "]
[Date "2008.12.08"]
[Round "9.6"]
[White "Garcia Fernandez, Carlos"]
[Black "Suarez Uriel, Adrian"]
[Result "1-0"]
[WhiteElo "2396"]
[BlackElo "2123"]
[PlyCount "107"]
[EventDate "2008.11.30"]

1. e4 c5 2. c3 Nf6 3. e5 Nd5 4. Nf3 Nc6 5. d4 cxd4 6. cxd4 e6 7. a3 d6 8. Bd3
Qc7 9. O-O dxe5 10. dxe5 Nxe5 11. Nxe5 Qxe5 12. Bb5+ Bd7 13. Bxd7+ Kxd7 14. Re1
Qd6 15. Nd2 Qc7 16. Qf3 Qf4 17. Qb3 Qc7 18. Ne4 Be7 19. Bd2 Rhc8 20. Qa4+ Qc6
21. Qd4 Bf6 22. Nxf6+ gxf6 23. Qh4 Qc2 24. Bb4 Qf5 25. Rad1 Ke8 26. Qd4 Nxb4
27. Qxb4 Rc2 28. Rf1 Qe5 29. b3 a5 30. Qh4 h5 31. Rfe1 Qf5 32. Qg3 Rac8 33. h3
b5 34. a4 b4 35. h4 Ke7 36. Re3 R2c3 37. Rde1 Rxe3 38. fxe3 Qe5 39. Qf3 Rc3 40.
Qa8 Rxb3 41. Kh1 Rc3 42. e4 b3 43. Rd1 Qc7 44. e5 fxe5 45. Qg8 Qc8 46. Qg5+ Kf8
47. Rd8+ Qxd8 48. Qxd8+ Kg7 49. Qg5+ Kf8 50. Qxe5 Rd3 51. Qxa5 Kg7 52. Qe5+ Kf8
53. a5 Rd2 54. Qb8+ 1-0

[Event "X Abierto Constitucion "]
[Site "San Sebastian de los Reyes "]
[Date "2008.12.08"]
[Round "9.7"]
[White "Ramos Aldoradin, John Paul"]
[Black "Elissalt Cardenas, Hector"]
[Result "1-0"]
[WhiteElo "2102"]
[BlackElo "2314"]
[PlyCount "147"]
[EventDate "2008.11.30"]

1. e4 c5 2. Nf3 e6 3. c3 Nf6 4. d3 Nc6 5. Qe2 Be7 6. g3 d5 7. Bg2 O-O 8. O-O b5
9. e5 Ne8 10. Re1 a5 11. h4 h6 12. Bf4 Ra7 13. Nbd2 f6 14. exf6 Bxf6 15. Ne5
Nxe5 16. Bxe5 Bxe5 17. Qxe5 Qf6 18. Nf3 Raf7 19. Re2 Qe7 20. Qe3 Rxf3 21. Bxf3
d4 22. cxd4 cxd4 23. Qe4 Nd6 24. Qg4 e5 25. Bd5+ Kh8 26. Be6 e4 27. Bxc8 exd3
28. Rd2 Nc4 29. Rxd3 Ne5 30. Qxd4 Nxd3 31. Qd7 Qd8 32. Rd1 Qxc8 33. Qxc8 Rxc8
34. Rxd3 Rc2 35. Rb3 b4 36. a3 bxa3 37. bxa3 Ra2 38. Kg2 Kg8 39. Kf3 Kf7 40.
Ke4 Rxf2 41. Rb5 Rc2 42. Rxa5 Rc3 43. Kf4 Rc4+ 44. Kf3 Rc3+ 45. Kg2 Rc2+ 46.
Kh3 g6 47. a4 h5 48. Rb5 Rc4 49. a5 Ra4 50. Kg2 Ra3 51. Rg5 Kf6 52. Kf2 Ra1 53.
Ke3 Rd1 54. Ke4 Rd2 55. Rd5 Rg2 56. Kf3 Ra2 57. Ke3 Ra3+ 58. Kf2 Ra4 59. Ke1
Ra3 60. Rg5 Rd3 61. Ke2 Rd4 62. Ke3 Rd1 63. Ke4 Rd2 64. Rd5 Rg2 65. Rd6+ Kf7
66. Kf4 Ra2 67. a6 Ra5 68. Rb6 Ra4+ 69. Kg5 Rg4+ 70. Kh6 Rxg3 71. a7 Ra3 72.
Rxg6 Ra5 73. Kh7 Ra4 74. Rg8 1-0

[Event "X Abierto Constitucion "]
[Site "San Sebastian de los Reyes "]
[Date "2008.12.08"]
[Round "9.8"]
[White "Vazquez Gonzalez, Jesus"]
[Black "Sanchez Camacho, Antonio"]
[Result "0-1"]
[WhiteElo "2071"]
[BlackElo "2205"]
[PlyCount "88"]
[EventDate "2008.11.30"]

1. e4 c5 2. Nf3 d6 3. Bb5+ Nd7 4. O-O Ngf6 5. e5 dxe5 6. Nxe5 a6 7. Nxd7 Bxd7
8. Bxd7+ Qxd7 9. d3 e6 10. Qf3 Be7 11. Nc3 O-O 12. Bg5 b5 13. Rad1 Qd4 14. Bxf6
Bxf6 15. Rde1 Qb4 16. Ne4 Bxb2 17. Rb1 Qa3 18. Nxc5 Qxa2 19. c4 bxc4 20. dxc4
Qa3 21. Qxa3 Bxa3 22. Nd7 Rfe8 23. Rb7 a5 24. g3 Bf8 25. Rc1 Ra6 26. c5 Rc8 27.
c6 Bd6 28. Nb6 Rc7 29. Rxc7 Bxc7 30. Na4 f5 31. Rc4 Kf7 32. Nc3 Ke7 33. Nb5 Kd8
34. Nd4 a4 35. Nxe6+ Kc8 36. Rc2 a3 37. Ra2 Be5 38. Nf4 Bxf4 39. gxf4 Kc7 40.
Kf1 Kxc6 41. Ke2 Kc5 42. Kd1 Kb4 43. Kc2 Re6 44. Kd1 Kb3 0-1

[Event "X Abierto Constitucion "]
[Site "San Sebastian de los Reyes "]
[Date "2008.12.08"]
[Round "9.9"]
[White "Anton Veiga, Juan Carlos"]
[Black "Castejon Caballero, Natalia"]
[Result "1/2-1/2"]
[WhiteElo "2144"]
[BlackElo "2084"]
[PlyCount "21"]
[EventDate "2008.11.30"]

1. e4 c5 2. Nf3 d6 3. d4 cxd4 4. Nxd4 Nf6 5. Nc3 g6 6. Be3 Bg7 7. f3 O-O 8. Bc4
Nc6 9. Qd2 Bd7 10. O-O-O Rb8 11. g4 1/2-1/2

[Event "X Abierto Constitucion "]
[Site "San Sebastian de los Reyes "]
[Date "2008.12.08"]
[Round "9.10"]
[White "Sanchez-Alarcos Galian, Victor"]
[Black "De Dios Alija, Rafael"]
[Result "1-0"]
[WhiteElo "2011"]
[BlackElo "2030"]
[PlyCount "79"]
[EventDate "2008.11.30"]

1. e4 d5 2. exd5 Nf6 3. Bb5+ Bd7 4. Be2 Nxd5 5. d4 Bf5 6. Nf3 e6 7. O-O Be7 8.
a3 O-O 9. c4 Nb6 10. Nc3 Nc6 11. Be3 Bf6 12. h3 Qe7 13. c5 Nd5 14. Nxd5 exd5
15. b4 a6 16. Qd2 Rfe8 17. Rfe1 h6 18. Qb2 Be4 19. Nd2 Bg5 20. Bf1 Qf6 21. Nb3
Re7 22. Bxg5 Qxg5 23. Qc3 Rae8 24. a4 Nd8 25. b5 axb5 26. axb5 Ne6 27. f3 Bf5
28. Kh2 h5 29. Qc1 Qf6 30. Qd2 h4 31. Ra7 Qg6 32. Qf2 Bc2 33. Na1 Nxd4 34. Rxe7
Qg3+ 35. Qxg3 hxg3+ 36. Kxg3 Rxe7 37. Nxc2 Nxc2 38. Rxb7 Re1 39. Bd3 Nb4 40.
Rb8+ 1-0

[Event "X Abierto Constitucion "]
[Site "San Sebastian de los Reyes "]
[Date "2008.12.08"]
[Round "9.11"]
[White "Gueler Berdasco, Martin"]
[Black "Morales Rivera, John Alexander"]
[Result "0-1"]
[WhiteElo "1891"]
[BlackElo "2338"]
[PlyCount "85"]
[EventDate "2008.11.30"]

1. d4 e6 2. Nf3 Nf6 3. Bg5 h6 4. Bh4 c5 5. e3 Be7 6. Nbd2 cxd4 7. exd4 b6 8.
Bd3 Bb7 9. O-O O-O 10. Re1 d6 11. Qe2 Qc7 12. Ne4 Nbd7 13. Nfd2 Rfe8 14. Nxf6+
Nxf6 15. c3 Nd5 16. Bxe7 Qxe7 17. Be4 Rad8 18. g3 Kh8 19. Bg2 Qc7 20. Nc4 Kg8
21. Ne3 Nf6 22. Bxb7 Qxb7 23. f4 e5 24. dxe5 dxe5 25. fxe5 Rxe5 26. Qg2 Qxg2+
27. Nxg2 Rxe1+ 28. Nxe1 Rd2 29. b3 Ng4 30. Nf3 Rd3 31. Nd4 Rxc3 32. Nb5 Rc2 33.
Nxa7 Nxh2 34. Nb5 Nf3+ 35. Kf1 h5 36. b4 Rh2 37. a3 Rh1+ 38. Kf2 Rxa1 39. Kxf3
g5 40. Ke4 Rh1 41. Nd4 h4 42. gxh4 gxh4 43. Nf5 0-1

[Event "X Abierto Constitucion "]
[Site "San Sebastian de los Reyes "]
[Date "2008.12.08"]
[Round "9.12"]
[White "Ramirez Garcia, Jorge Alberto"]
[Black "Piriz Fernandez, Daniel"]
[Result "1-0"]
[WhiteElo "2238"]
[BlackElo "1770"]
[PlyCount "53"]
[EventDate "2008.11.30"]

1. e4 e6 2. d4 d5 3. Nc3 Bb4 4. exd5 exd5 5. Qf3 Ne7 6. a3 Bxc3+ 7. bxc3 Be6 8.
Nh3 Qd7 9. Bd3 Nbc6 10. Ng5 O-O-O 11. O-O h6 12. Nxe6 fxe6 13. Re1 Rdf8 14. Qe2
Rf6 15. Be3 Rhf8 16. c4 Nf5 17. c3 Qf7 18. Ra2 g5 19. Rb2 Rg8 20. Reb1 b6 21.
Qc2 Nh4 22. Qa4 Qd7 23. c5 Na5 24. Qxa5 e5 25. Be2 e4 26. Qxa7 Qe6 27. cxb6 1-0

[Event "X Abierto Constitucion "]
[Site "San Sebastian de los Reyes "]
[Date "2008.12.08"]
[Round "9.14"]
[White "Perez Cameselle, Francisco"]
[Black "Muñoz Sanchez, Daniel"]
[Result "1/2-1/2"]
[WhiteElo "2010"]
[BlackElo "2013"]
[PlyCount "70"]
[EventDate "2008.11.30"]

1. Nf3 d5 2. g3 Bg4 3. Bg2 Nd7 4. O-O c6 5. d3 e5 6. h3 Bh5 7. Nbd2 Bd6 8. e4
Ne7 9. Re1 O-O 10. g4 Bg6 11. Nh4 Nc5 12. Nxg6 hxg6 13. Nf3 dxe4 14. dxe4 Qc7
15. c3 a5 16. a4 Rfd8 17. Qc2 b5 18. axb5 cxb5 19. Bf1 Rdb8 20. Be3 a4 21. Bxc5
Bxc5 22. Red1 Ra6 23. Rd2 Rf6 24. Kg2 g5 25. Rad1 Ng6 26. Nxg5 Qb6 27. Nf3 Rxf3
28. Kxf3 Qf6+ 29. Kg2 Nh4+ 30. Kh1 Qf3+ 31. Kh2 Qf4+ 32. Kh1 Nf3 33. Kg2 Nh4+
34. Kh1 Nf3 35. Kg2 Nh4+ 1/2-1/2

[Event "X Abierto Constitucion "]
[Site "San Sebastian de los Reyes "]
[Date "2008.12.08"]
[Round "9.15"]
[White "Gomez Fernandez, Jesus"]
[Black "Rodrigo Yanguas, Maria"]
[Result "0-1"]
[WhiteElo "1820"]
[BlackElo "2037"]
[PlyCount "72"]
[EventDate "2008.11.30"]

1. b3 e5 2. c4 Nf6 3. Bb2 Nc6 4. e3 d5 5. cxd5 Nxd5 6. Nf3 Bd6 7. Nc3 Nxc3 8.
Bxc3 O-O 9. d4 e4 10. Nd2 f5 11. Bc4+ Kh8 12. a3 Qe7 13. Bb2 f4 14. g3 fxe3 15.
fxe3 Bf5 16. Qh5 Qd7 17. d5 Ne5 18. Qd1 Ng4 19. Qe2 a6 20. b4 b5 21. Ba2 Bg6
22. O-O-O Nf2 23. Rhg1 Nd3+ 24. Kb1 Rf2 25. Qxf2 Nxf2 26. Rdf1 Nd3 27. Bd4 a5
28. h4 axb4 29. h5 Bxh5 30. Nxe4 Bg6 31. Ng5 Be5 32. Bxe5 Nxe5+ 33. e4 h6 34.
Rh1 Qe7 35. Ne6 Bxe4+ 36. Ka1 Bxh1 0-1

[Event "X Abierto Constitucion "]
[Site "San Sebastian de los Reyes "]
[Date "2008.12.08"]
[Round "9.16"]
[White "Serrano Nuñez, Dario"]
[Black "Peinador Garcia-Aranda, Dam"]
[Result "1-0"]
[WhiteElo "2012"]
[BlackElo "1825"]
[PlyCount "69"]
[EventDate "2008.11.30"]

1. e4 c6 2. d4 d5 3. Nc3 dxe4 4. Nxe4 Bf5 5. Ng3 Bg6 6. N1e2 Nf6 7. Nf4 e6 8.
h4 Bd6 9. h5 Bf5 10. Nxf5 Qa5+ 11. Bd2 Qxf5 12. Bd3 Qg4 13. Qxg4 Nxg4 14. f3
Nf6 15. O-O-O Nd5 16. Nxd5 cxd5 17. h6 g6 18. c4 dxc4 19. Be4 Nc6 20. d5 exd5
21. Bxd5 Ne5 22. Bc3 O-O-O 23. Bxb7+ Kxb7 24. Rxd6 Rxd6 25. Bxe5 Rhd8 26. Bxd6
Rxd6 27. Re1 Rd7 28. Kc2 Kb6 29. Re8 Rd4 30. Rh8 Rh4 31. Rxh7 Rh2 32. Kc3 Rxg2
33. Rxf7 g5 34. h7 Rh2 35. Kxc4 1-0

[Event "X Abierto Constitucion "]
[Site "San Sebastian de los Reyes "]
[Date "2008.12.08"]
[Round "9.17"]
[White "Pareja Alvarez, Diego"]
[Black "Heras Cuenca, Miguel Angel"]
[Result "1/2-1/2"]
[WhiteElo "1866"]
[BlackElo "2008"]
[PlyCount "112"]
[EventDate "2008.11.30"]

1. f4 d5 2. Nf3 c5 3. d3 Nc6 4. g3 Bf5 5. Bg2 e6 6. O-O Nf6 7. e3 Bd6 8. Qe2
Qb6 9. c3 O-O-O 10. Nbd2 Bc7 11. Ng5 Rhf8 12. e4 c4+ 13. d4 Bg4 14. Ngf3 Nxe4
15. Nxe4 dxe4 16. Qxe4 Bf5 17. Qe3 Ne7 18. Re1 Nd5 19. Qf2 f6 20. Bf1 Qc6 21.
Qe2 b5 22. a4 a6 23. axb5 axb5 24. Nh4 Bd3 25. Qxe6+ Qxe6 26. Rxe6 Bxf1 27.
Kxf1 Kd7 28. Re2 Ra8 29. Rxa8 Rxa8 30. Rc2 Ke6 31. Kf2 Ra1 32. Re2+ Kf7 33. Bd2
Rh1 34. Kg2 Rb1 35. Kf2 Rxb2 36. Be1 Rxe2+ 37. Kxe2 Ba5 38. Nf5 Nxc3+ 39. Bxc3
Bxc3 40. Nd6+ Ke6 41. Nxb5 Ba5 42. Ke3 f5 43. h3 Kd5 44. Na3 Bb6 45. Nb5 Ba5
46. Na3 g6 47. Nb5 h5 48. h4 Be1 49. Kf3 c3 50. Na3 Bd2 51. Nc2 Kc4 52. Ke2 Bc1
53. Kd1 Bb2 54. Ke2 Bc1 55. Kd1 Bd2 56. Ke2 Bc1 1/2-1/2